[Event "Druzynowe Mistrzostwa Polski Niewidomych i Slabowidzacych w Szachach"]
[Site "Wielspin Wagrowiec"]
[Date "1899-12-30"]
[Round "1.2"]
[White "Zelajtys, Jozef"]
[Black "Pawlik, Tomasz"]
[Result "1-0"]
[WhiteTitle "I"]
[BlackTitle "II+"]
[WhiteElo "1704"]
[BlackElo "1658"]

1. e4 e5 2. Nf3 Nc6 3. Bb5 d6 4. Bxc6+ bxc6 5. O-O Be7 6. d4 Bg4 7. dxe5 Bxf3 8.
Qxf3 dxe5 9. Qg4 Bf6 10. Rd1 Qc8 11. Qxc8+ Rxc8 12. Be3 a6 13. Nc3 Be7 14. Na4
Nf6 15. f3 Rd8 16. Rxd8+ Kxd8 17. Rd1+ Kc8 18. Bc5 Bd8 19. Bb4 Nd7 20. Kf1 Re8
21. Ke2 Be7 22. Bc3 Bc5 23. Rxd7 Kxd7 24. Nxc5+ Kd6 25. Bb4 Ra8 26. h4 g6 27.
Nxa6+ 1-0

[Event "Druzynowe Mistrzostwa Polski Niewidomych i Slabowidzacych w Szachach"]
[Site "Wielspin Wagrowiec"]
[Date "1899-12-30"]
[Round "1.3"]
[White "Binkowski, Kazimierz"]
[Black "Kaciotys, Mieczyslaw"]
[Result "0-1"]
[WhiteTitle "II"]
[BlackTitle "II+"]
[WhiteElo "1567"]
[BlackElo "1668"]

1. c4 c6 2. d4 g6 3. g3 Bg7 4. Bg2 d6 5. Nf3 Be6 6. b3 Qc7 7. O-O Nf6 8. Nc3 Bg4
9. Bf4 Nh5 10. Qd2 Qa5 11. Ne4 Qxd2 12. Nexd2 Nxf4 13. gxf4 Nd7 14. e3 Bxf3 15.
Nxf3 O-O-O 16. e4 f6 17. b4 Bh6 18. f5 Bf4 19. a4 Nb6 20. c5 Nc4 21. b5 Kc7 22.
bxc6 bxc6 23. cxd6+ exd6 24. Rab1 Rb8 25. Rfd1 Rb6 26. Rxb6 axb6 27. Ne1 Nb2 28.
Ra1 Ra8 29. fxg6 hxg6 30. Bh3 Rxa4 31. Rxa4 Nxa4 32. Nd3 Bd2 33. Kf1 Nc3 34. Be6
Nxe4 35. Ke2 Bh6 36. f4 Nc3+ 37. Kf3 Nb5 38. Ke3 c5 39. d5 Kd8 40. h4 Nd4 41.
Bf7 Nf5+ 42. Kf3 Nxh4+ 43. Kg4 g5 44. f5 Kc7 45. Be8 Bf8 46. Bb5 Be7 47. Bc4 Kb7
48. Bb5 Kc7 49. Bc4 Kd7 50. Bb5+ Kd8 51. Bc6 Bf8 52. Bb5 Kc7 53. Bc4 Be7 54. Bb5
Kd8 55. Bc4 Ke8 56. Bb5+ Kf7 57. Bc4 Bd8 58. Bb5 Ng2 59. Kf3 Nh4+ 60. Kg4 Kg7
61. Bc4 Kh6 62. Bb5 Ng2 63. Kf3 Nh4+ 64. Kg4 Be7 65. Ba6 Bf8 66. Bc4 Bg7 67. Bb5
Bh8 68. Bc4 Kg7 69. Bb5 Kf7 70. Bc4 Bg7 71. Bb5 Bh6 72. Bc4 Ng2 73. Kf3 Nh4+ 74.
Kg4 Ke7 75. Bb5 Kd8 76. Bc4 Kc7 77. Ba6 Bf8 78. Bc4 Be7 79. Ba6 Bd8 80. Bc4 b5
81. Bxb5 Kb6 82. Bc4 Ka5 83. Nf2 Kb4 84. Bd3 Ng2 85. Ne4 Be7 86. Be2 Ne3+ 87.
Kh5 Nxd5 88. Bf3 Nf4+ 89. Kh6 d5 90. Nf2 c4 91. Kg7 c3 92. Bd1 Ka3 93. Kf7 Bd8
94. Ng4 Kb2 95. Ke8 Bb6 96. Nxf6 c2 97. Bxc2 Kxc2 98. Nd7 Bd4 99. f6 Bxf6 100.
Nxf6 d4 101. Ng4 d3 102. Kf7 d2 103. Kf6 Nd5+ 0-1

[Event "Druzynowe Mistrzostwa Polski Niewidomych i Slabowidzacych w Szachach"]
[Site "Wielspin Wagrowiec"]
[Date "1899-12-30"]
[Round "1.5"]
[White "Zapasnik, Henryk"]
[Black "Dukaczewski, Piotr"]
[Result "0-1"]
[WhiteTitle "II"]
[BlackTitle "IM"]
[WhiteElo "1648"]
[BlackElo "2229"]

1. d4 Nf6 2. c4 g6 3. Nc3 Bg7 4. Nf3 O-O 5. e4 d6 6. Be2 Qe8 7. O-O e5 8. d5 a5
9. a4 Na6 10. Nb5 Nxe4 11. Bd3 Nec5 12. Re1 f5 13. Bc2 h6 14. Be3 Qe7 15. Bd2
c6 16. Nfd4 cxb5 17. Nxb5 Nb4 18. Bc3 Nxc2 19. Qxc2 Bd7 20. f4 Bxb5 21. axb5 0-1

[Event "Druzynowe Mistrzostwa Polski Niewidomych i Slabowidzacych w Szachach"]
[Site "Wielspin Wagrowiec"]
[Date "1899-12-30"]
[Round "1.6"]
[White "Wolanski, Michal"]
[Black "Filipiak, Rajmund"]
[Result "1-0"]
[WhiteTitle "I++"]
[BlackTitle "II+"]
[WhiteElo "1876"]
[BlackElo "1693"]

1. c4 f5 2. g3 e6 3. Bg2 c6 4. Nf3 Nf6 5. O-O d5 6. d3 Bd6 7. Nc3 O-O 8. e4 Bb4
9. exd5 Bxc3 10. bxc3 cxd5 11. cxd5 Nxd5 12. Qb3 Kh8 13. Bg5 Qb6 14. Qa3 Rg8 15.
c4 Qb4 16. Qc1 Nf6 17. Rb1 Qf8 18. Re1 Nbd7 19. Ne5 Nxe5 20. Rxe5 h6 21. Bf4 g5
22. Bd2 Ng4 23. Re2 Qd6 24. d4 Nf6 25. Bc3 Ne4 26. d5+ Kh7 27. Rxe4 fxe4 28. Bxe4+
Rg6 29. Qc2 exd5 30. cxd5 a5 31. Bd4 b5 32. Rxb5 Bd7 33. Rb6 Qxb6 34. Bxb6 Rc8
35. Bxg6+ Kg8 36. Bh7+ 1-0

[Event "Druzynowe Mistrzostwa Polski Niewidomych i Slabowidzacych w Szachach"]
[Site "Wielspin Wagrowiec"]
[Date "1899-12-30"]
[Round "1.7"]
[White "Traczyk, Tadeusz"]
[Black "Hagner, Pawel"]
[Result "1/2-1/2"]
[WhiteTitle "I"]
[BlackTitle "I"]
[WhiteElo "1811"]
[BlackElo "1687"]

1. e4 d6 2. d4 Nf6 3. Nc3 g6 4. f4 Bg7 5. Nf3 O-O 6. Be3 c5 7. Qd2 cxd4 8. Nxd4
Nc6 9. Nf3 Bg4 10. h3 Bxf3 11. gxf3 Qa5 12. Bc4 a6 13. O-O-O Rac8 14. Bb3 Qh5
15. Qg2 Na5 16. Kb1 Nxb3 17. cxb3 b5 18. Nd5 Nxd5 19. Rxd5 Qh6 20. Qg5 Qxg5 21.
fxg5 Rc6 22. h4 Rfc8 23. Rc1 Rxc1+ 24. Bxc1 Rc6 25. f4 h6 26. Be3 hxg5 27. hxg5
e6 28. Rd1 f5 29. exf5 exf5 30. a4 bxa4 31. bxa4 Kf7 32. Ka2 Ke6 33. Bd4 Bf8 34.
b4 Rc4 35. Kb3 d5 36. Re1+ Kd7 37. Bc5 Bxc5 38. bxc5 Rxc5 39. Rd1 Kd6 40. Rd4
a5 41. Rd1 Rc4 1/2-1/2

[Event "Druzynowe Mistrzostwa Polski Niewidomych i Slabowidzacych w Szachach"]
[Site "Wielspin Wagrowiec"]
[Date "1899-12-30"]
[Round "1.9"]
[White "Pawelec, Bartosz"]
[Black "Lazuka, Jan"]
[Result "1-0"]
[WhiteTitle "k"]
[BlackTitle "III"]
[WhiteElo "1978"]
[BlackElo "1274"]

1. d4 Nf6 2. Bg5 Ne4 3. Bh4 d5 4. Nd2 Nxd2 5. Qxd2 Nc6 6. Nf3 Bf5 7. e3 Qd7 8.
Bb5 a6 9. Ne5 Qd6 10. Bg3 O-O-O 11. Nxc6 Qd7 12. Na7+ Kb8 13. Bxd7 Rxd7 14. Nc6+
bxc6 15. Qa5 1-0

[Event "Druzynowe Mistrzostwa Polski Niewidomych i Slabowidzacych w Szachach"]
[Site "Wielspin Wagrowiec"]
[Date "1899-12-30"]
[Round "1.10"]
[White "Sargalski, Andrzej"]
[Black "Lipski, Tadeusz"]
[Result "0-1"]
[WhiteTitle "I++"]
[BlackTitle "m"]
[WhiteElo "1840"]
[BlackElo "1789"]

1. e4 c5 2. Nf3 g6 3. d4 cxd4 4. Nxd4 Bg7 5. c4 Nc6 6. Be3 Nf6 7. Nc3 O-O 8. Be2
b6 9. O-O Bb7 10. Qd2 e6 11. f4 d5 12. cxd5 exd5 13. exd5 Nxd5 14. Nxd5 Nxd4 15.
Bxd4 Qxd5 16. Bf3 Qxd4+ 17. Qxd4 Bxd4+ 18. Kh1 Bxf3 19. Rxf3 Bxb2 20. Rd1 Rad8
21. Rfd3 Rxd3 22. Rxd3 Rc8 23. h3 Rc1+ 24. Kh2 Ra1 0-1

[Event "Druzynowe Mistrzostwa Polski Niewidomych i Slabowidzacych w Szachach"]
[Site "Wielspin Wagrowiec"]
[Date "1899-12-30"]
[Round "1.11"]
[White "Wojcieszyn, Zdzislaw"]
[Black "Wyrzykowski, Jozef"]
[Result "1-0"]
[WhiteTitle "k"]
[BlackTitle "I"]
[WhiteElo "1904"]
[BlackElo "1642"]

1. c4 e6 2. g3 d5 3. Bg2 Nf6 4. Nf3 Nc6 5. O-O Be7 6. b3 dxc4 7. bxc4 Bd7 8. d4
Rb8 9. Nc3 O-O 10. Bf4 Nh5 11. Be3 a6 12. Rb1 b6 13. g4 Nf6 14. h3 h6 15. Bf4
Bc8 16. Qd3 Nb4 17. Qd2 Bb7 18. Ne5 Bxg2 19. Kxg2 Nh7 20. a3 f6 21. Ng6 Nc6 22.
Nxf8 Bxf8 23. d5 e5 24. Be3 Na7 25. Qa2 Bd6 26. Ne4 Be7 27. c5 Kh8 28. d6 cxd6
29. cxb6 Nb5 30. Rfd1 Ng5 31. Nxg5 hxg5 32. Qb3 Qc8 33. Rbc1 Qe8 34. a4 Nd4 35.
Bxd4 exd4 36. Rxd4 Bd8 37. Rxd6 Qxe2 38. Re6 Qd2 39. Re8+ Kh7 40. Qc2+ Qxc2 41.
Rxc2 Kg6 42. Rd2 Rxb6 43. Rexd8 1-0

[Event "Druzynowe Mistrzostwa Polski Niewidomych i Slabowidzacych w Szachach"]
[Site "Wielspin Wagrowiec"]
[Date "1899-12-30"]
[Round "1.12"]
[White "Inglot, Marian"]
[Black "Kowalczyk, Marian"]
[Result "0-1"]
[WhiteTitle "II"]
[BlackTitle "I++"]
[WhiteElo "1410"]
[BlackElo "1946"]

1. e4 c5 2. Nf3 Nc6 3. Bc4 e6 4. O-O d5 5. exd5 exd5 6. Bb3 Be7 7. d3 Nf6 8. Bg5
O-O 9. Nc3 Be6 10. a3 a6 11. Ne2 b5 12. a4 c4 13. axb5 axb5 14. dxc4 bxc4 15.
Ba4 Qb6 16. Bxc6 Qxc6 17. Ned4 Qb6 18. Rxa8 Rxa8 19. Nxe6 fxe6 20. Qd4 Rb8 21.
Qxb6 Rxb6 22. Rb1 Ba3 23. Bxf6 gxf6 24. Ne5 fxe5 0-1

[Event "Druzynowe Mistrzostwa Polski Niewidomych i Slabowidzacych w Szachach"]
[Site "Wielspin Wagrowiec"]
[Date "1899-12-30"]
[Round "1.13"]
[White "Niecko, Stanislaw"]
[Black "Bialas, Stanislaw"]
[Result "1-0"]
[WhiteTitle "I+"]
[BlackTitle "II"]
[WhiteElo "1795"]
[BlackElo "1465"]

1. e4 e5 2. Nf3 d6 3. d4 exd4 4. Nxd4 Nf6 5. Nc3 g6 6. Bg5 Be7 7. Qd2 O-O 8. O-O-O
Nbd7 9. Bh6 Re8 10. Be2 Nc5 11. f3 Ne6 12. g4 Nxd4 13. Qxd4 c5 14. Qd2 a6 15.
h4 Kh8 16. h5 Ng8 17. hxg6 fxg6 18. Bf4 g5 19. Bxd6 Qxd6 20. Qxd6 Bxd6 21. Rxd6
b5 22. Nd5 Re6 23. Rxe6 Bxe6 24. Nc7 Ra7 25. Nxe6 1-0

[Event "Druzynowe Mistrzostwa Polski Niewidomych i Slabowidzacych w Szachach"]
[Site "Wielspin Wagrowiec"]
[Date "1899-12-30"]
[Round "1.14"]
[White "Jagiela, Andrzej"]
[Black "Stolarczyk, Anna"]
[Result "1/2-1/2"]
[WhiteTitle "I"]
[BlackTitle "WCM"]
[WhiteElo "1737"]
[BlackElo "1947"]

1. e4 c5 2. Nf3 d6 3. d4 cxd4 4. Nxd4 Nf6 5. Nc3 a6 6. Be2 e5 7. Nf3 Be7 8. O-O
b5 9. a3 Bb7 10. Nd2 d5 11. exd5 Nxd5 12. Nxd5 Bxd5 13. Bf3 O-O 14. Bxd5 Qxd5
15. Qf3 Rd8 16. Qxd5 Rxd5 17. Nb3 Nc6 18. Be3 Rad8 19. Rab1 f5 20. Bb6 Rb8 21.
Ba5 Nxa5 22. Nxa5 Rc8 23. c3 Bf6 24. Rfd1 Rcd8 25. Rxd5 Rxd5 26. Nb3 Kf7 27. Kf1
Ke6 28. Ke2 g6 29. Rd1 Rxd1 30. Kxd1 Kd5 31. f3 Bd8 32. Ke2 Bc7 33. h3 Bb6 34.
Nd2 h5 35. b3 Bc5 36. c4+ bxc4 37. Nxc4 e4 38. fxe4+ fxe4 39. Kd2 Kd4 40. Ne3
a5 41. Nc2+ Ke5 42. b4 axb4 43. axb4 Bb6 44. Ne3 Ba7 45. Ke2 h4 46. Nc4+ Kf4 47.
b5 Kg3 48. Kf1 e3 49. b6 Bxb6 50. Nxb6 e2+ 51. Kxe2 Kxg2 52. Nd5 g5 53. Ne3+ Kxh3
54. Kf2 g4 55. Nxg4 Kxg4 56. Kg2 1/2-1/2

[Event "Druzynowe Mistrzostwa Polski Niewidomych i Slabowidzacych w Szachach"]
[Site "Wielspin Wagrowiec"]
[Date "1899-12-30"]
[Round "1.15"]
[White "Spychala, Jozefa"]
[Black "Jagiela, Elzbieta"]
[Result "1-0"]
[WhiteTitle "I"]
[BlackTitle "II"]
[WhiteElo "1420"]
[BlackElo "1412"]

1. d4 d5 2. c4 Nf6 3. Nc3 e6 4. Bg5 Be7 5. e3 h6 6. Bh4 Ne4 7. Bxe7 Qxe7 8. Qg4
f5 9. Qg6+ Qf7 10. Qxf7+ Kxf7 11. cxd5 exd5 12. Nxd5 Na6 13. Bxa6 bxa6 14. Nxc7
Rb8 15. b3 Bb7 16. Nf3 Ke7 17. Ne5 Rhc8 18. Rc1 Nd6 19. O-O Nb5 20. Nxb5 axb5
21. Rc5 Rxc5 22. dxc5 b4 23. Rd1 Rd8 24. Rxd8 Kxd8 25. Kf1 Ke7 26. f3 Ke6 27.
Nd3 Bc6 28. Nxb4 Bb5+ 29. Kf2 a5 30. Nc2 Bd3 31. Nd4+ Kd5 32. c6 Kd6 33. Ke1 g6
34. Kd2 Ba6 35. Kc3 Kd5 36. a4 Kc5 37. e4 fxe4 38. fxe4 Bc8 39. h3 Ba6 40. e5
Bc8 41. e6 Kd6 42. b4 1-0

[Event "Druzynowe Mistrzostwa Polski Niewidomych i Slabowidzacych w Szachach"]
[Site "Wielspin Wagrowiec"]
[Date "1899-12-30"]
[Round "1.16"]
[White "Ruszczycki, Jacek"]
[Black "Chojnowski, Marcin"]
[Result "0-1"]
[WhiteTitle "k"]
[BlackTitle "k+"]
[WhiteElo "1859"]
[BlackElo "2066"]

1. d4 Nf6 2. Bg5 Ne4 3. Bh4 d5 4. f3 Nd6 5. Nc3 Nc4 6. Qc1 c5 7. e3 cxd4 8. exd4
Nc6 9. Nge2 Qa5 10. Bf2 Bf5 11. a3 e5 12. b4 Qd8 13. dxe5 a5 14. Nd4 Nxd4 15.
Bxd4 axb4 16. axb4 Bxb4 17. Bd3 Be6 18. O-O O-O 19. Rxa8 Qxa8 20. Qa1 Qc8 21.
Rb1 Bc5 22. Nd1 Nxe5 23. Kh1 Bxd4 24. Qxd4 Nxd3 25. cxd3 Qc2 26. Ra1 Rc8 27. h3
h6 28. Ne3 Qc3 29. Qxc3 Rxc3 30. Rd1 b5 31. Kg1 b4 32. Kf2 d4 33. Nf1 b3 34. Ke2
Rc2+ 35. Nd2 b2 36. Rb1 Ba2 0-1

[Event "Druzynowe Mistrzostwa Polski Niewidomych i Slabowidzacych w Szachach"]
[Site "Wielspin Wagrowiec"]
[Date "1899-12-30"]
[Round "1.17"]
[White "Suder, Ryszard"]
[Black "Wodas, Pawel"]
[Result "0-1"]
[WhiteTitle "k+"]
[BlackTitle "I"]
[WhiteElo "2053"]
[BlackElo "1793"]

1. Nf3 Nf6 2. g3 c5 3. Bg2 Nc6 4. c4 g6 5. Nc3 Bg7 6. O-O O-O 7. d4 cxd4 8. Nxd4
Qb6 9. Nc2 d6 10. Rb1 Be6 11. b3 Rac8 12. Bb2 Qa5 13. e4 Bg4 14. f3 Bd7 15. Ne3
Qc5 16. Re1 Rfd8 17. Kh1 a6 18. Rc1 Ne5 19. Ncd5 Nxd5 20. exd5 h5 21. Bd4 Qa5
22. h3 Be8 23. f4 Nd7 24. Bxg7 Kxg7 25. Qe2 Nf6 26. g4 hxg4 27. hxg4 Bd7 28. Bf3
Rh8+ 29. Kg2 b5 30. Qb2 Kg8 31. g5 Nh7 32. cxb5 axb5 33. Bg4 Qd8 34. Kg3 f5 35.
Be2 e5 36. dxe6 Bxe6 37. Bxb5 Nxg5 38. Rh1 Ne4+ 39. Kg2 Rh4 40. Rxc8 Bxc8 41.
Bc4+ Kf8 42. Rh3 Qe7 43. Bd5 Qh7 44. Bxe4 Rxh3 45. Qf6+ Ke8 46. Bc6+ Bd7 47. Qe6+
Kd8 48. Bxd7 Rh2+ 49. Kg1 Rh1+ 50. Kg2 Qh3+ 51. Kf2 Rh2+ 52. Ke1 Qg3+ 0-1

[Event "Druzynowe Mistrzostwa Polski Niewidomych i Slabowidzacych w Szachach"]
[Site "Wielspin Wagrowiec"]
[Date "1899-12-30"]
[Round "1.18"]
[White "Kopiec, Miroslaw"]
[Black "Zoltek, Tadeusz"]
[Result "1/2-1/2"]
[WhiteTitle "II+"]
[BlackTitle "FM"]
[WhiteElo "1705"]
[BlackElo "2095"]

1. e4 c5 2. Nf3 g6 3. d4 Bg7 4. c3 cxd4 5. cxd4 d5 6. e5 a6 7. Nbd2 Qa5 8. Be2
Nc6 9. O-O f6 10. exf6 Nxf6 11. Nb3 Qd8 12. h3 O-O 13. Be3 Ne4 14. Nfd2 Nd6 15.
Nf3 Nf5 16. Qd2 Qd6 17. Bf4 Qb4 18. Qxb4 Nxb4 19. Be5 Nc6 20. Bxg7 Kxg7 21. Bd3
Nd6 22. Rfe1 Bxh3 23. Ne5 Bf5 24. Bxf5 Nxe5 25. Rxe5 Rxf5 26. Rxe7+ Rf7 27. Rae1
Rc8 28. Nc5 Ne4 29. Rxf7+ Kxf7 30. Nxe4 dxe4 31. Rxe4 Rc1+ 32. Kh2 Rc2 33. Kg3
Rxb2 34. Rh4 h5 35. Rf4+ Ke6 36. Kh4 Rb5 37. Rf8 Rd5 38. Re8+ Kf6 39. Re4 b5 40.
Kg3 a5 41. Kf3 Rd8 42. Ke3 b4 43. Re5 Ra8 44. Rb5 h4 45. Kf4 Ra6 46. d5 g5+ 47.
Ke4 g4 48. Kf4 h3 49. gxh3 gxh3 50. Kg3 Ke5 51. Kxh3 Kd4 52. d6 Rxd6 53. Rxa5
Rf6 54. Kg3 Rg6+ 55. Kf3 Rf6+ 56. Ke2 Re6+ 57. Kf1 Rf6 58. Ra4 Kc3 59. Ra5 Kc4
60. Ra8 Kd3 61. Rd8+ Kc3 62. Rc8+ Kd3 63. Ra8 Kc3 64. Ke2 Re6+ 1/2-1/2

[Event "Druzynowe Mistrzostwa Polski Niewidomych i Slabowidzacych w Szachach"]
[Site "Wielspin Wagrowiec"]
[Date "1899-12-30"]
[Round "2.2"]
[White "Suder, Ryszard"]
[Black "Zelajtys, Jozef"]
[Result "1-0"]
[WhiteTitle "k+"]
[BlackTitle "I"]
[WhiteElo "2053"]
[BlackElo "1704"]

1. Nf3 d5 2. g3 Nf6 3. Bg2 g6 4. b3 Bg7 5. Bb2 O-O 6. c4 c6 7. d3 dxc4 8. bxc4
Nbd7 9. O-O Re8 10. Nbd2 e5 11. Qc2 Qe7 12. e4 Nh5 13. Rae1 f5 14. exf5 gxf5 15.
Nxe5 Nxe5 16. Bxe5 Bxe5 17. d4 Qc7 18. Nf3 Bd7 19. Rxe5 Rxe5 20. Nxe5 Ng7 21.
f4 Be8 22. Qc3 Rd8 23. Rc1 Qd6 24. d5 Qc5+ 25. Kh1 Kf8 26. dxc6 bxc6 27. Nxc6
Rd6 28. Ne5 a5 29. Qe1 Nh5 30. Qg1 Qc7 31. c5 Rd2 32. a3 Nf6 33. Qe3 Qd8 34. h3
Rd1+ 35. Kh2 Ne4 36. c6 Rxc1 1-0

[Event "Druzynowe Mistrzostwa Polski Niewidomych i Slabowidzacych w Szachach"]
[Site "Wielspin Wagrowiec"]
[Date "1899-12-30"]
[Round "2.3"]
[White "Kaciotys, Mieczyslaw"]
[Black "Zoltek, Tadeusz"]
[Result "0-1"]
[WhiteTitle "II+"]
[BlackTitle "FM"]
[WhiteElo "1668"]
[BlackElo "2095"]

1. e4 Nf6 2. Nc3 d5 3. exd5 Nxd5 4. Nge2 g6 5. Nxd5 Qxd5 6. Nc3 Qd8 7. b3 Bg7 8.
Bb2 O-O 9. Be2 Nc6 10. Bf3 Nd4 11. Na4 Nxf3+ 12. Qxf3 e5 13. d3 Bd7 14. Nc3 Bc6
15. Qg3 f5 16. f3 e4 17. fxe4 fxe4 18. O-O-O exd3 19. Rxd3 Qf6 20. Nd1 Qf4+ 21.
Qxf4 Bxb2+ 22. Kxb2 Rxf4 23. Ne3 Rf2 24. Rg1 Re2 25. Rc3 Re8 26. Ng4 Kg7 27. h4
R8e4 28. Nh2 Rxh4 29. Nf3 Rg4 30. g3 Re7 31. Ne1 h5 32. Rf1 Rge4 33. Nd3 Bb5 34.
Rf3 Bxd3 35. Rfxd3 h4 36. gxh4 Rxh4 37. Rg3 Rhe4 38. Rc5 R4e5 39. Rc4 g5 40. Rgg4
Kg6 41. a4 c5 42. Ka3 b6 43. c3 Rf5 44. b4 cxb4+ 45. Kxb4 Rc5 46. Rcd4 a5+ 47.
Kb3 Re3 48. Rc4 Rce5 49. Rc8 0-1

[Event "Druzynowe Mistrzostwa Polski Niewidomych i Slabowidzacych w Szachach"]
[Site "Wielspin Wagrowiec"]
[Date "1899-12-30"]
[Round "2.4"]
[White "Malcer, Joanna"]
[Black "Perszewska, Krystyna"]
[Result "1/2-1/2"]
[WhiteTitle "I"]
[BlackTitle "I"]
[WhiteElo "1538"]
[BlackElo "1449"]

1. e4 e6 2. d4 d5 3. exd5 exd5 4. Nd2 Nf6 5. Ngf3 Nbd7 6. Bd3 Bd6 7. O-O O-O 8.
b3 c6 9. Bb2 Re8 10. Re1 Nf8 11. Ne5 Be6 12. c4 h6 13. c5 Bc7 14. Ndf3 Bg4 15.
Nxg4 Rxe1+ 16. Qxe1 Nxg4 17. h3 Nf6 18. Qe2 Ne6 19. Re1 Qd7 20. Bc1 Nf4 21. Bxf4
Bxf4 22. g3 Bc7 23. Qe7 Rd8 24. Qxd7 Rxd7 25. a4 Kf8 26. Bf5 Re7 27. Rxe7 Kxe7
28. Bc8 b6 29. Bb7 Kd7 30. b4 a5 31. bxa5 bxc5 32. dxc5 Bxa5 1/2-1/2

[Event "Druzynowe Mistrzostwa Polski Niewidomych i Slabowidzacych w Szachach"]
[Site "Wielspin Wagrowiec"]
[Date "1899-12-30"]
[Round "2.5"]
[White "Kowalczyk, Marian"]
[Black "Ruszczycki, Jacek"]
[Result "1-0"]
[WhiteTitle "I++"]
[BlackTitle "k"]
[WhiteElo "1946"]
[BlackElo "1859"]

1. e4 c6 2. c4 d5 3. exd5 cxd5 4. cxd5 Nf6 5. Qa4+ Nbd7 6. Nc3 g6 7. Nf3 Bg7 8.
Bc4 O-O 9. d3 Qc7 10. O-O a6 11. Re1 Nc5 12. Qa3 Bg4 13. Be3 Ncd7 14. Nd2 b5 15.
Bb3 Rfb8 16. Qxe7 Bf8 17. Qxf7+ Kh8 18. Bd4 Bg7 19. Re7 1-0

[Event "Druzynowe Mistrzostwa Polski Niewidomych i Slabowidzacych w Szachach"]
[Site "Wielspin Wagrowiec"]
[Date "1899-12-30"]
[Round "2.6"]
[White "Wodas, Pawel"]
[Black "Niecko, Stanislaw"]
[Result "0-1"]
[WhiteTitle "I"]
[BlackTitle "I+"]
[WhiteElo "1793"]
[BlackElo "1795"]

1. b3 g6 2. Bb2 Nf6 3. e4 d6 4. d3 Bg7 5. g3 e5 6. Nf3 Nc6 7. Bg2 O-O 8. Nbd2 Ne8
9. Qe2 Bd7 10. O-O f5 11. exf5 e4 12. Nh4 Bxb2 13. fxg6 h6 14. Bxe4 Kg7 15. Rab1
Bd4 16. Kg2 Nf6 17. Ndf3 d5 18. Nf5+ Bxf5 19. Bxf5 Bc5 20. c3 Re8 21. Qd2 d4 22.
cxd4 Nxd4 23. Nxd4 Bxd4 24. Be4 Nxe4 25. dxe4 Rxe4 26. Rbd1 Qd5 27. Kh3 0-1

[Event "Druzynowe Mistrzostwa Polski Niewidomych i Slabowidzacych w Szachach"]
[Site "Wielspin Wagrowiec"]
[Date "1899-12-30"]
[Round "2.7"]
[White "Stolarczyk, Anna"]
[Black "Szydlowski, Wiktor"]
[Result "1/2-1/2"]
[WhiteTitle "WCM"]
[BlackTitle "I"]
[WhiteElo "1947"]
[BlackElo "1724"]

1. d4 d5 2. c4 e6 3. Nc3 Nf6 4. Bg5 Be7 5. e3 c5 6. dxc5 Bxc5 7. cxd5 exd5 8. Bxf6
Qxf6 9. Qxd5 Qb6 10. Bb5+ Nc6 11. Nf3 O-O 12. O-O Be6 13. Qd3 a6 14. Ng5 g6 15.
Nxe6 Ne5 16. Qd5 fxe6 17. Qxe5 Rf5 18. Qe4 axb5 19. a4 b4 20. Nb5 Raf8 21. Rad1
R8f7 22. Nd4 Bxd4 23. Rxd4 Qc7 24. f3 Rh5 25. g3 Re5 26. Qd3 Rg5 27. f4 Rc5 28.
Rd8+ Kg7 29. Rd1 Rc1 30. Qd4+ Kh6 31. g4 Rxd1+ 32. Qxd1 e5 33. g5+ Kg7 34. fxe5
Qe7 35. h4 Qc5 1/2-1/2

[Event "Druzynowe Mistrzostwa Polski Niewidomych i Slabowidzacych w Szachach"]
[Site "Wielspin Wagrowiec"]
[Date "1899-12-30"]
[Round "2.8"]
[White "Sargalski, Andrzej"]
[Black "Inglot, Marian"]
[Result "1-0"]
[WhiteTitle "I++"]
[BlackTitle "II"]
[WhiteElo "1840"]
[BlackElo "1410"]

1. e4 e5 2. Nf3 Nc6 3. Bb5 a6 4. Ba4 Nf6 5. O-O b5 6. Bb3 d5 7. exd5 Nxd5 8. Nxe5
Nxe5 9. Re1 f6 10. d4 c5 11. c3 c4 12. Bc2 Bd6 13. dxe5 Bxe5 14. f4 O-O 15. fxe5
fxe5 16. Rxe5 Bb7 17. Bg5 Qb6+ 18. Qd4 Qc6 19. Be4 Rad8 20. Bxd8 1-0

[Event "Druzynowe Mistrzostwa Polski Niewidomych i Slabowidzacych w Szachach"]
[Site "Wielspin Wagrowiec"]
[Date "1899-12-30"]
[Round "2.9"]
[White "Bialas, Stanislaw"]
[Black "Wyrzykowski, Jozef"]
[Result "0-1"]
[WhiteTitle "II"]
[BlackTitle "I"]
[WhiteElo "1465"]
[BlackElo "1642"]

1. e4 e5 2. Nf3 d6 3. Bc4 Be7 4. d3 Nf6 5. h3 Nc6 6. Be3 Bd7 7. Nc3 Na5 8. b3 Nxc4
9. bxc4 b6 10. O-O O-O 11. Ne1 Ne8 12. Nd5 Bg5 13. f4 exf4 14. Bxf4 c6 15. Ne3
f5 16. exf5 Bxf5 17. Nxf5 Rxf5 18. Bxg5 Qxg5 19. Rxf5 Qxf5 20. Qf3 Qxf3 21. Nxf3
Nf6 22. Re1 Rd8 23. Re7 Rd7 24. Rxd7 Nxd7 25. Kf2 h6 26. Ke3 Kf7 27. d4 g5 28.
Ke4 Kg6 29. g4 Nf6+ 30. Kd3 h5 31. gxh5+ Nxh5 32. Ke3 Kf5 33. Ng1 Ng3 34. Kf3
Ne4 35. Ke3 Nc3 36. Kd3 Nxa2 37. c3 b5 38. cxb5 cxb5 39. Kc2 b4 40. cxb4 Nxb4+
41. Kc3 Nd5+ 42. Kc4 Ne3+ 43. Kd3 Ng2 44. Kc4 Nf4 0-1

[Event "Druzynowe Mistrzostwa Polski Niewidomych i Slabowidzacych w Szachach"]
[Site "Wielspin Wagrowiec"]
[Date "1899-12-30"]
[Round "2.10"]
[White "Skiera, Edward"]
[Black "Jagiela, Andrzej"]
[Result "0-1"]
[WhiteTitle "II"]
[BlackTitle "I"]
[WhiteElo "1442"]
[BlackElo "1737"]

1. e4 d5 2. exd5 Nf6 3. Nc3 Nxd5 4. Nxd5 Qxd5 5. d4 Bf5 6. Nf3 Qe4+ 7. Qe2 Qxe2+
8. Bxe2 Bxc2 9. O-O e6 10. Be3 Be4 11. Rac1 Bd6 12. b3 O-O 13. h3 Bd5 14. Bc4
h6 15. Bxd5 exd5 16. Rfe1 Re8 17. Nd2 Nc6 18. Kf1 Bb4 19. Rc2 Bxd2 20. Bxd2 Rxe1+
21. Kxe1 Kf8 22. Ke2 Ke7 23. Kd3 Kd6 24. Rc1 Re8 25. Re1 Rxe1 26. Bxe1 0-1

[Event "Druzynowe Mistrzostwa Polski Niewidomych i Slabowidzacych w Szachach"]
[Site "Wielspin Wagrowiec"]
[Date "1899-12-30"]
[Round "2.11"]
[White "Jagiela, Elzbieta"]
[Black "Spionkowski, Fabian"]
[Result "1/2-1/2"]
[WhiteTitle "II"]
[BlackTitle "II"]
[WhiteElo "1412"]
[BlackElo "1302"]

1. e4 d6 2. Nf3 Nf6 3. Nc3 g6 4. Bc4 Bg7 5. h3 e5 6. d3 Nc6 7. Bg5 O-O 8. O-O Qe7
9. a3 Be6 10. Bd5 Qd7 11. Bxc6 Qxc6 12. Qd2 Qd7 13. Bh6 Nh5 14. Bxg7 Kxg7 15.
Ng5 Nf4 16. Nxe6+ Qxe6 17. Ne2 Nxe2+ 18. Qxe2 d5 19. exd5 Qxd5 20. Qe4 Qb5 21.
Rab1 Rad8 22. Rfe1 Rfe8 23. Qf3 Rd6 24. Qg4 Rd4 25. Qd1 e4 26. Qg4 Qc5 27. Rxe4
f5 28. b4 Qxc2 29. Re7+ Rxe7 30. Qxd4+ Kf7 31. Qd5+ Kf8 32. Qd8+ Kf7 33. Qd5+
1/2-1/2

[Event "Druzynowe Mistrzostwa Polski Niewidomych i Slabowidzacych w Szachach"]
[Site "Wielspin Wagrowiec"]
[Date "1899-12-30"]
[Round "2.12"]
[White "Stachanczyk, Jacek"]
[Black "Pawelec, Bartosz"]
[Result "1/2-1/2"]
[WhiteTitle "IM"]
[BlackTitle "k"]
[WhiteElo "2188"]
[BlackElo "1978"]

1. c4 c6 2. g3 d5 3. Bg2 Nf6 4. Nf3 Nbd7 5. b3 e5 6. cxd5 Nxd5 7. Bb2 Bd6 8. O-O
O-O 9. d3 Re8 10. Nbd2 f5 11. e4 Nb4 12. Nc4 Bc7 13. a3 fxe4 14. dxe4 Na6 15.
b4 Qe7 16. Qb3 Kh8 17. Rfd1 b5 18. Ne3 Nf6 19. Ng5 Be6 20. Qc2 Bd7 21. Nf5 Qf8
22. Rxd7 Nxd7 23. Qxc6 Nb6 24. Qxb5 Nb8 25. Rc1 Bd8 26. Nf3 N8d7 27. Nxe5 Nxe5
28. Bxe5 Bf6 29. Bd6 Qf7 30. Rc7 Qh5 31. h4 g6 32. Rf7 Bb2 33. g4 Qxg4 34. Rxa7
gxf5 35. Rxa8 Qd1+ 36. Qf1 1/2-1/2

[Event "Druzynowe Mistrzostwa Polski Niewidomych i Slabowidzacych w Szachach"]
[Site "Wielspin Wagrowiec"]
[Date "1899-12-30"]
[Round "2.13"]
[White "Lipski, Tadeusz"]
[Black "Dukaczewski, Piotr"]
[Result "1/2-1/2"]
[WhiteTitle "m"]
[BlackTitle "IM"]
[WhiteElo "1789"]
[BlackElo "2229"]

1. e4 c5 2. a3 e6 3. b4 b6 4. Bb2 Bb7 5. Nc3 cxb4 6. axb4 Bxb4 7. Nb5 Nf6 8. e5
Nd5 9. Qg4 O-O 10. Nf3 Nc6 11. Ng5 f6 12. c4 fxg5 13. cxd5 Rf4 14. Qh5 Re4+ 15.
Kd1 g6 16. Qh3 Nxe5 17. f3 Rh4 18. Qg3 Nf7 19. Qf2 Bc5 20. d4 Bf8 21. g3 Rh5 22.
Bc4 exd5 23. Bb3 Qe7 24. Ba3 Qf6 25. Bxf8 Kxf8 26. Nc7 Rc8 27. Nxd5 Qe6 28. Qa2
Bxd5 29. Bxd5 Qe3 30. Qd2 Qxd2+ 31. Kxd2 Ke7 32. Kd3 g4 1/2-1/2